Anacaona y las tormentas /

Bibliographic Details
Main Author: Bernal, Luis Darío
Format: Book
Language:Spanish
Published: México : Fondo de Cultura Económica, 1994.
Edition:1. ed.
Series:Travesías (Mexico City, Mexico)
Subjects:

MARC

Tag First Indicator Second Indicator Subfields
LEADER 00000cam a2200000 a 4500
001 in00001270021
005 20151004050835.0
008 950724s1994 mx a j 000 1 spa
010 |a  95181302  
020 |a 9681642694 
035 |a (OCoLC)32841980 
035 |9 AGW3653AM 
040 |a DLC  |c DLC  |d TXA  |d UtOrBLW 
049 |a TXAM 
050 0 0 |a PZ73  |b .B3958 1994 
100 1 |a Bernal, Luis Darío. 
245 1 0 |a Anacaona y las tormentas /  |c Luis Darío Bernal Pinilla ; ilustraciones de Andrés Sánchez de Tagle ; apéndice de José Rubén Romero Galván. 
250 |a 1. ed. 
264 1 |a México :  |b Fondo de Cultura Económica,  |c 1994. 
300 |a 182 pages :  |b illustrations ;  |c 23 cm. 
336 |a text  |b txt  |2 rdacontent 
337 |a unmediated  |b n  |2 rdamedia 
338 |a volume  |b nc  |2 rdacarrier 
490 1 |a Travesías 
600 0 0 |a Anacaona,  |d -1504  |x Juvenile fiction. 
830 0 |a Travesías (Mexico City, Mexico) 
999 |a MARS 
999 f f |s fee628fb-1b8a-3b6b-9907-367ffa123a70  |i d6a3be30-2ba9-38da-8d4d-2451a3257c45  |t 0 
952 f f |p ric  |a Texas A&M University  |b Rellis Campus  |c Joint Library Facility  |d Remote Storage  |t 0  |e PZ73 .B3958 1994  |h Library of Congress classification  |i unmediated -- volume  |m A14820306041 
998 f f |a PZ73 .B3958 1994  |t 0  |l Remote Storage